Estadísticas para Estados de EE. UU. con una población mayor de 10 millónes

Haz click aquí para intentar la prueba.

Estadísticas generales

  • Esta prueba ha sido intentada 2.568 veces
    (300 desde el último reinicio)
  • La puntuación promedio es 8 de 10

Estadísticas de respuestas

PoblaciónEstado% Correcto
39,0 MCalifornia
99%
19,6 MNueva York
98%
22,6 MFlorida
96%
30,5 MTexas
96%
12,5 MIllinois
78%
11,8 MOhio
73%
13,0 MPensilvania
72%
10,0 MMíchigan
71%
11,0 MGeorgia
69%
10,8 MCarolina del Norte
65%

Distribución de puntuación

Porcentaje por número respondido

Porcentaje de gente con cada puntuación

Historial de tus puntuaciones

No has intentado esta prueba desde el último reinicio